00984 2200181 4500001002100000005001500021035002000036245005700056100001700113250001700130300003500147260003100182082000800213084001400221020002200235650002600257520051900283INLIS00000000000001720240318061704 a0010-03240000171 aKumpulan Cerita Teknologi Masa Depan /cLiza Erfiana0 aLiza Erfiana acetakan ke-1 aviii, 104 hlm :bilus ;c25 cm aSolo :bTiga Ananda,c2020 a813 a813 LIZ k a978-623-206-396-9 4aFiksi Anak, Teknologi a"Arik! Jangan lewat Jalan Kemuning. Ambil jalan memutar lewat rumahku. Baru saja, ada mobil melaju di jalan Kemuning tanpa pengemudi. Kata orang-orang, itu mobil penculik yang berasal dari planet lain," jelas Denu terengah-engah. Kumpulan cerita dalam buku ini membahas berbagai teknologi, baik yang telah muncul maupun yang akan muncul setahun, dua tahun, atau beberapa tahun lagi. Setiap cerita dilengkapi ulasan di kehidupan nyata mengenai teknologi yang dibahas. Yuk, kita kenali berbagai teknologi masa depan.